00555nam a22001697a 450000500170000001000110001702000120002803500110004003700170005108200100006810000480007824500860012624600590021226000420027127000490031330000230036220200117171744.0 a178018 c3.25a- a178018 bBPPD/Pub.a- a840.9 aمحی ا لد ين قا د ر ی ز و ر  aد کنی ا د ب کی تا ر يخcمحی ا لد ين قا د ر ی ز و ر  bDakini Adab ki Tareekh (Urdu)aby Mohiuddin Qadri Zore aPakistanbUrdu Academy Sindhc1960 ء aNishat Educational Press,bKiranchie-k-l- a188 ص c22 Cm(Hb)